[Event "FRA-chT U20"]
[Site "Colmar"]
[Date "2013.12.08"]
[Round "?"]
[White "Patalano, Lila"]
[Black "Meyer, Nicolas"]
[Result "0-1"]
[WhiteElo "1200"]
[BlackElo "1300"]
[PlyCount "30"]
[EventDate "2013.12.07"]
[EventType "swiss"]
[EventRounds "6"]
[EventCountry "FRA"]
[SourceTitle "EXT 2015"]
[Source "ChessBase"]
[SourceDate "2014.11.20"]
[SourceVersion "1"]
[SourceVersionDate "2014.11.20"]
[SourceQuality "1"]

1. e4 e5 2. Nf3 Nc6 3. d4 exd4 4. Nxd4 Bc5 5. c3 Qf6 6. Bc4 Nxd4 7. cxd4 Bxd4 8. Qc2 Ne7 9. 0-0 0-0 10. Kh1 Ng6 11. Nc3 c6 12. Be3 Be5 13. h3 b6 14. Rad1 Rd8 15. b4 Bxc3 0-1